000 01046nam a2200301 4500
001 0000020751
003 CO-CtgCURN
005 20250329191012.0
007 ta
008 160627s2002 000 0 eng d
020 _a8448136594
040 _aCO-CtgCURN
_bspa
_ccoctgcurn
082 0 _a658.4
_bM17s
100 1 _aMarin, Antonio Lucas.
245 1 0 _aSociología de las organizaciones /
_cAntonio Lucas Marin y Pablo García Ruiz.
260 _aMadrid :
_bMcGraw-Hill,
_c2002.
300 _aix, 443 p.
336 _2rdacontent
337 _2rdamedia
_asin mediacion
_bn
338 _2rdacarrier
_avolumen
_bnc
504 _aBibliografia (p. 427)
505 8 _aHistoria social de las organizaciones.--Teorias de la organizacion.--Aspectos centrales de la organizacion.--Problemas basicos en sociología de las organizaciones
650 1 4 _aCultura corporativa.
700 1 _aGarcía Ruiz, Pablo.
908 _a160627
942 _cBK
_h658.4
_iM17s
_2ddc
999 _c10773
_d10773